Statistics for Top 50 Least Densely Populated Countries

Click here to take the quiz!

General Stats

  • This quiz has been taken 306 times
  • The average score is 32 of 50

Answer Stats

DensityCountry% Correct
2/km²Mongolia
94%
4/km²Canada
92%
9/km²Russia
90%
16/km²Argentina
88%
3/km²Australia
86%
7/km²Kazakhstan
85%
23/km²Sweden
82%
25/km²Chile
81%
16/km²Finland
81%
4/km²Libya
81%
17/km²Norway
81%
3/km²Namibia
80%
25/km²Brazil
79%
14/km²Chad
77%
26/km²Peru
77%
11/km²Bolivia
76%
3/km²Iceland
76%
17/km²Mali
76%
36/km²United States
76%
21/km²Niger
75%
17/km²Saudi Arabia
74%
24/km²Sudan
72%
5/km²Mauritania
71%
18/km²New Zealand
71%
13/km²Turkmenistan
70%
4/km²Botswana
66%
4/km²Guyana
64%
28/km²Angola
63%
8/km²Central African Republic
63%
4/km²Suriname
63%
32/km²Venezuela
63%
18/km²Paraguay
62%
17/km²Congo
60%
26/km²Somalia
60%
19/km²South Sudan
58%
19/km²Uruguay
58%
26/km²Zambia
57%
34/km²Kyrgyzstan
56%
17/km²Oman
54%
19/km²Papua New Guinea
54%
9/km²Gabon
45%
21/km²Bhutan
43%
32/km²Laos
39%
29/km²Estonia
37%
29/km²Latvia
37%
31/km²Eritrea
30%
18/km²Belize
27%
25/km²Solomon Islands
22%
26/km²Vanuatu
19%
29/km²Bahamas
15%

Score Distribution

Percentile by Number Answered

Percent of People with Each Score

Your Score History

You have not taken this quiz